[Event "Unterfranken-ch HB 59th"]
[Site "Rieneck"]
[Date "2008.03.28"]
[Round "8"]
[White "Rachor, Udo"]
[Black "Schueler, Moritz"]
[Result "1-0"]
[WhiteElo "1521"]
[BlackElo "1000"]
[PlyCount "105"]
[EventDate "2008.03.24"]
[EventType "swiss"]
[EventRounds "9"]
[EventCountry "GER"]
[SourceTitle "EXT 2015"]
[Source "ChessBase"]
[SourceDate "2014.11.20"]
[SourceVersion "1"]
[SourceVersionDate "2014.11.20"]
[SourceQuality "1"]

1. c4 c5 2. Nc3 Nc6 3. Nf3 Nf6 4. g3 e5 5. e4 Bd6 6. Bg2 b6 7. 0-0 0-0 8. d3 Nd4 9. Nd5 Bb7 10. Bg5 Bxd5 11. cxd5 b5 12. b3 Be7 13. Be3 b4 14. Nxe5 d6 15. Bxd4 cxd4 16. Nc6 Qc7 17. Nxd4 Nd7 18. Qc1 Qc8 19. Qxc8 Rfxc8 20. Nc6 Kf8 21. Nxe7 Kxe7 22. Bh3 Rc3 23. Bxd7 Kxd7 24. Rfd1 Rac8 25. Kf1 Ke7 26. Ke1 Kf6 27. Rab1 Rc2 28. Rd2 a5 29. d4 a4 30. Kd1 Rxd2+ 31. Kxd2 axb3 32. Rxb3 Rc4 33. Ke3 Kg5 34. e5 dxe5 35. dxe5 Kf5 36. d6 Kxe5 37. Rd3 Re4+ 38. Kf3 g5 39. d7 g4+ 40. Kg2 Rd4 41. Rxd4 Kxd4 42. d8Q+ Kc4 43. Qd2 f5 44. Kf1 h5 45. Ke2 f4 46. Qxf4+ Kb5 47. Kd3 Ka4 48. Kc4 Ka5 49. Qd2 Ka6 50. Qxb4 Ka7 51. Kc5 Ka8 52. Kc6 Ka7 53. Qb7# 1-0

[Event "Unterfranken-ch HB 59th"]
[Site "Rieneck"]
[Date "2008.03.28"]
[Round "7"]
[White "Susallek, Daniela"]
[Black "Schueler, Moritz"]
[Result "1/2-1/2"]
[WhiteElo "1221"]
[BlackElo "1000"]
[PlyCount "48"]
[EventDate "2008.03.24"]
[EventType "swiss"]
[EventRounds "9"]
[EventCountry "GER"]
[SourceTitle "EXT 2015"]
[Source "ChessBase"]
[SourceDate "2014.11.20"]
[SourceVersion "1"]
[SourceVersionDate "2014.11.20"]
[SourceQuality "1"]

1. e4 e5 2. Nf3 Nc6 3. Bc4 Bc5 4. d3 Nf6 5. h3 h6 6. 0-0 d6 7. a3 Bd7 8. b4 Bd4 9. Nxd4 Nxd4 10. Nc3 b5 11. Ba2 0-0 12. Ne2 Be6 13. Nxd4 Bxa2 14. Rxa2 exd4 15. Qf3 a5 16. Rb2 d5 17. bxa5 Rxa5 18. Bd2 dxe4 19. dxe4 Ra6 20. Rxb5 Qa8 21. Qf4 c6 22. Rb3 c5 23. Re1 Re8 24. Rf3 Rxa3 1/2-1/2

[Event "Unterfranken-ch HB 59th"]
[Site "Rieneck"]
[Date "2008.03.27"]
[Round "5"]
[White "Pfister, Gerhard"]
[Black "Schueler, Moritz"]
[Result "1-0"]
[WhiteElo "1551"]
[BlackElo "1000"]
[PlyCount "43"]
[EventDate "2008.03.24"]
[EventType "swiss"]
[EventRounds "9"]
[EventCountry "GER"]
[SourceTitle "EXT 2015"]
[Source "ChessBase"]
[SourceDate "2014.11.20"]
[SourceVersion "1"]
[SourceVersionDate "2014.11.20"]
[SourceQuality "1"]

1. d4 Nc6 2. Nf3 Nf6 3. Bf4 d6 4. e3 Bf5 5. Bb5 Qd7 6. 0-0 g6 7. c4 d5 8. Ne5 Qe6 9. Nc3 a6 10. cxd5 Nxd5 11. Nxd5 Qxd5 12. Bxc6+ bxc6 13. Rc1 Qxa2 14. Rxc6 Qxb2 15. Qa4 Bd7 16. Nxd7 Qb5 17. Qc2 Kxd7 18. Rxc7+ Kd8 19. Rb1 Qa5 20. Rcb7 e6 21. Bc7+ Qxc7 22. Qxc7+ 1-0

[Event "Unterfranken-ch HB 59th"]
[Site "Rieneck"]
[Date "2008.03.24"]
[Round "1"]
[White "Bechold, Martin"]
[Black "Schueler, Moritz"]
[Result "1-0"]
[WhiteElo "1550"]
[BlackElo "1000"]
[PlyCount "87"]
[EventDate "2008.03.24"]
[EventType "swiss"]
[EventRounds "9"]
[EventCountry "GER"]
[SourceTitle "EXT 2015"]
[Source "ChessBase"]
[SourceDate "2014.11.20"]
[SourceVersion "1"]
[SourceVersionDate "2014.11.20"]
[SourceQuality "1"]

1. e4 e5 2. Nf3 Nc6 3. Nc3 Nf6 4. Bb5 d6 5. h3 a6 6. Bxc6+ bxc6 7. d3 d5 8. 0-0 dxe4 9. Nxe4 Bd6 10. Bg5 Bf5 11. Re1 Bxe4 12. Rxe4 0-0 13. Nxe5 Be7 14. Nxc6 Qd6 15. Nxe7+ Kh8 16. Bxf6 Qxf6 17. c3 Rae8 18. Qe2 Rd8 19. Re1 h6 20. d4 Rd6 21. Qg4 Rfd8 22. Nf5 Rd5 23. Ng3 Qg5 24. Qxg5 hxg5 25. Re8+ Kh7 26. Rxd8 Rxd8 27. Re7 Rb8 28. b3 Rb5 29. Rxc7 f5 30. c4 Rb8 31. Nxf5 a5 32. Nxg7 Kh8 33. Re7 a4 34. Re8+ Kxg7 35. Rxb8 g4 36. hxg4 axb3 37. axb3 Kg6 38. d5 Kg5 39. d6 Kxg4 40. d7 Kh4 41. d8Q+ Kh5 42. Qg8 Kh6 43. Qg3 Kh5 44. Rh8# 1-0